Every WWE PLE/PPV of 2025 - Statistics

General Stats
  • This quiz has been taken 46 times
  • The average score is 10 of 12
Answer Stats
Answer % Correct
Summerslam
100%
Wrestlemania
100%
Backlash
94%
Royal Rumble
94%
Elimination Chamber
91%
Money in the Bank
89%
Survivor Series: WarGames
89%
Wrestlepalooza
89%
Clash in Paris
83%
Night of Champions
74%
Crown Jewel
69%
Evolution
54%
No matching quizzes found
Score Distribution
Percent of People with Each Score
Percentile by Number Answered
Your Score History
You have not taken this quiz